000 00374pab a2200157 454500
008 180718b2005 xxu||||| |||| 00| 0 eng d
100 _aSaxena, Paresh
245 _aResponse of law enforcement agencies to bioterrorism
260 _c2005
300 _ap.4-7.
362 _aFebMar
650 _aTerrorism
650 _aPolice
773 _aCBI Bulletin
909 _a65601
999 _c65601
_d65601